000 00598nam a2200205Ia 4500
005 20250508162921.0
008 008 250505s9999 xx 000 0 eng d
020 _a81-208-0460-0
037 _aTextual
040 _aFEDL
_beng
_cFEDL
041 _aeng
_2eng
084 _a400, KHU
_qFEDL
100 _aKhubchandani Lachman M Ed.
_9774389
245 0 _aLanguage in a plural society
260 _aShimla, India
_bIndian Institute of Advanced Study
_c1988
300 _aviii,158p
490 _aMeld series in linguistics
942 _cTEXL
_h400, KHU
999 _c1379419
_d1379419